DUKES PHYSIOLOGY OF DOMESTIC ANIMALS (Record no. 16809)

MARC details
000 -LEADER
fixed length control field 00490nam a22001937a 4500
003 - CONTROL NUMBER IDENTIFIER
control field OSt
005 - DATE AND TIME OF LATEST TRANSACTION
control field 20211104161843.0
008 - FIXED-LENGTH DATA ELEMENTS--GENERAL INFORMATION
fixed length control field 211104b |||||||| |||| 00| 0 eng d
020 ## - INTERNATIONAL STANDARD BOOK NUMBER
International Standard Book Number 0801405548
040 ## - CATALOGING SOURCE
Transcribing agency HAWASSA UNIVERSITY
050 ## - LIBRARY OF CONGRESS CALL NUMBER
Classification number 636.0892/DUK
Item number 3
082 ## - DEWEY DECIMAL CLASSIFICATION NUMBER
Edition number 11
Classification number 636.0892/DUK
Item number 1
100 ## - MAIN ENTRY--PERSONAL NAME
Personal name SWENSON MELUIN J.
9 (RLIN) 16987
245 ## - TITLE STATEMENT
Title DUKES PHYSIOLOGY OF DOMESTIC ANIMALS
260 ## - PUBLICATION, DISTRIBUTION, ETC.
Place of publication, distribution, etc. LONDON
Name of publisher, distributor, etc. PRESS
Date of publication, distribution, etc. 1970
300 ## - PHYSICAL DESCRIPTION
Extent xii/1463
501 ## - WITH NOTE
With note index
942 ## - ADDED ENTRY ELEMENTS (KOHA)
Source of classification or shelving scheme Dewey Decimal Classification
Koha item type Books like text book referance book
Suppress in OPAC No
Holdings
Withdrawn status Lost status Source of classification or shelving scheme Damaged status Not for loan Home library Current library Date acquired Full call number Barcode Date last seen Copy number Price effective from Koha item type Total Checkouts
    Dewey Decimal Classification     College of Agriculture Library College of Agriculture Library 11/04/2021 636.0892/SWE ALIB0008041 11/04/2021 3 11/04/2021 Books like text book referance book  
    Dewey Decimal Classification     College of Agriculture Library College of Agriculture Library 11/04/2021 636.0892/SWE ALIB0008042 11/04/2021 4 11/04/2021 Books like text book referance book  
    Dewey Decimal Classification     College of Agriculture Library College of Agriculture Library 11/04/2021 636.0892/SWE ALIB0008043 11/04/2021 5 11/04/2021 Books like text book referance book